[Event "1. OEsterreichische Internet Schach Meisterschaft - Vorrunde 1"]
[Site "Online - Playchess.com"]
[Date ""]
[Round "7"]
[Board "80"]
[White "Kellner, Nikolaus"]
[Black "Staudacher, Karl-Heinz"]
[Result "1-0"]
[WhiteElo "1685"]
[BlackElo "1734"]
[PlyCount "37"]
[EventDate "2020.04.11"]
[EventRounds "9"]
[EventCountry "AUT"]

1. g4 e6 2. Bg2 d5 3. d4 c5 4. Nc3 a6 5. Nf3 c4 6. Bf4 Bd6 7. e3 Bxf4 8. exf4
Nc6 9. O-O Nf6 10. Ne5 Nxe5 11. fxe5 Nd7 12. f4 b5 13. f5 exf5 14. gxf5 Qg5 15.
Nxd5 Bb7 16. Qf3 h5 17. Nc7+ Ke7 18. Qxb7 h4 19. Nd5+  1-0

[Event "1. OEsterreichische Internet Schach Meisterschaft - Vorrunde 1"]
[Site "Online - Playchess.com"]
[Date ""]
[Round "7"]
[Board "82"]
[White "Lohr, Thomas"]
[Black "Kainz, Josef"]
[Result "0-1"]
[WhiteElo "1203"]
[BlackElo "2005"]
[PlyCount "36"]
[EventDate "2020.04.11"]
[EventRounds "9"]
[EventCountry "AUT"]

1. e4 c5 2. Nf3 Nc6 3. d3 g6 4. Bf4 d6 5. Nc3 Bg7 6. Qd2 Nd4 7. Nxd4 cxd4 8.
Ne2 Qb6 9. O-O-O a5 10. h3 Be6 11. a3 Nf6 12. c4 dxc3 13. Nxc3 Rc8 14. Kb1 O-O
15. Rc1 Qb3 16. e5 Nd5 17. Ka1 Nxc3 18. Rxc3 Qa2#  0-1

[Event "1. OEsterreichische Internet Schach Meisterschaft - Vorrunde 1"]
[Site "Online - Playchess.com"]
[Date ""]
[Round "8"]
[Board "1"]
[White "Schwabeneder, Florian"]
[Black "Halvax, Georg"]
[Result "1-0"]
[WhiteElo "2431"]
[BlackElo "2416"]
[PlyCount "37"]
[EventDate "2020.04.11"]
[EventRounds "9"]
[EventCountry "AUT"]

1. e4 c5 2. Nf3 e6 3. c3 d5 4. exd5 exd5 5. d4 Nf6 6. Bb5+ Bd7 7. Bxd7+ Nbxd7
8. O-O Be7 9. dxc5 Nxc5 10. Be3 O-O 11. Nbd2 h6 12. h3 Re8 13. Qc2 Qd7 14. Rad1
Rac8 15. Nb3 Nce4 16. Bxa7 Ra8 17. Bd4 Rxa2 18. Nc1 Qb5 19. Nxa2 {GeorgHX gibt
auf}  1-0

[Event "1. OEsterreichische Internet Schach Meisterschaft - Vorrunde 1"]
[Site "Online - Playchess.com"]
[Date ""]
[Round "8"]
[Board "2"]
[White "Rieger, Robert"]
[Black "Ragger, Markus"]
[Result "1/2-1/2"]
[WhiteElo "2307"]
[BlackElo "2679"]
[PlyCount "107"]
[EventDate "2020.04.11"]
[EventRounds "9"]
[EventCountry "AUT"]

1. e4 e5 2. Nf3 Nc6 3. d4 exd4 4. Nxd4 Nf6 5. Nxc6 bxc6 6. Bd3 d5 7. exd5 cxd5
8. O-O Be7 9. c4 c6 10. Nc3 O-O 11. h3 Be6 12. cxd5 cxd5 13. Be3 Qd7 14. Bd4
Rab8 15. Be5 Rb6 16. a3 Qb7 17. b4 Rc8 18. Na4 Rbc6 19. b5 Rc4 20. Bxc4 dxc4
21. Nc3 Nd5 22. Qf3 f6 23. Rfd1 Rd8 24. Bg3 Qa8 25. Qe4 Kf7 26. Re1 Qc8 27.
Nxd5 Rxd5 28. Rad1 Rxd1 29. Rxd1 Bxa3 30. Qc6 Qxc6 31. bxc6 c3 32. Bf4 c2 33.
Re1 Bb2 34. Bc1 Bc3 35. Re2 Bf5 36. c7 Be5 37. Rxc2 Bc8 38. Rc4 Ke6 39. Ra4 a6
40. Rc4 Kd7 41. Bf4 Bxf4 42. Rxf4 Kxc7 43. Kf1 Kd6 44. Ke2 Bd7 45. Rd4+ Ke6 46.
Kd2 a5 47. Kc3 a4 48. Kb4 h5 49. h4 Be8 50. g3 Ke7 51. Re4+ Kf7 52. f3 Bc6 53.
Rc4 Bxf3 54. Kxa4  1/2-1/2

[Event "1. OEsterreichische Internet Schach Meisterschaft - Vorrunde 1"]
[Site "Online - Playchess.com"]
[Date ""]
[Round "8"]
[Board "3"]
[White "Poetz, Florian"]
[Black "Perhinig, Robert"]
[Result "1-0"]
[WhiteElo "2422"]
[BlackElo "2252"]
[PlyCount "47"]
[EventDate "2020.04.11"]
[EventRounds "9"]
[EventCountry "AUT"]

1. b3 Nf6 2. Bb2 d5 3. e3 g6 4. Nf3 Bg7 5. c4 c6 6. Be2 O-O 7. a3 Bg4 8. h3
Bxf3 9. Bxf3 Nbd7 10. Qc2 e5 11. d3 a5 12. O-O Qe7 13. Nc3 Nb6 14. Rac1 Rfe8
15. cxd5 Nbxd5 16. Na4 Rad8 17. Rfd1 h5 18. Qc5 Qxc5 19. Rxc5 Nd7 20. Rxa5 b5
21. Bxd5 bxa4 22. Bxc6 axb3 23. Ra7 Nc5 24. Bxe8 {Glasauge72 gibt auf}  1-0

[Event "1. OEsterreichische Internet Schach Meisterschaft - Vorrunde 1"]
[Site "Online - Playchess.com"]
[Date ""]
[Round "8"]
[Board "4"]
[White "Borrmann, Laurenz"]
[Black "Froewis, Georg"]
[Result "0-1"]
[WhiteElo "1880"]
[BlackElo "2457"]
[PlyCount "102"]
[EventDate "2020.04.11"]
[EventRounds "9"]
[EventCountry "AUT"]

1. e4 d5 2. exd5 Qxd5 3. Nc3 Qd6 4. d4 Nf6 5. g3 Nc6 6. Nge2 Bg4 7. Be3 Bf3 8.
Rg1 O-O-O 9. Qd2 e5 10. Bh3+ Kb8 11. Nb5 Qb4 12. Qxb4 Nxb4 13. Na3 Bxe2 14.
Kxe2 exd4 15. Rad1 Bc5 16. c3 dxe3 17. cxb4 exf2 18. Rxd8+ Rxd8 19. Rf1 Bxb4
20. Rxf2 Rd2+ 21. Kf1 Rxf2+ 22. Kxf2 Bxa3 23. bxa3 c6 24. Ke3 Kc7 25. Kd4 Kd6
26. Bg2 b6 27. h3 Nd7 28. Be4 g6 29. g4 f6 30. h4 Ne5 31. h5 Nxg4 32. hxg6 hxg6
33. Bxg6 Ne5 34. Bf5 c5+ 35. Ke4 Nc4 36. a4 Nb2 37. a5 bxa5 38. Bh7 Nc4 39. Kd3
Nb6 40. Bg8 Ke5 41. Ke3 f5 42. Bh7 f4+ 43. Kf3 c4 44. Bc2 c3 45. Ke2 Nd5 46.
Bh7 Kd4 47. Bg8 Nb4 48. Bb3 c2 49. Kd2 f3 50. a3 f2 51. Ke2 c1=Q {BORRMANN
gibt auf}  0-1

[Event "1. OEsterreichische Internet Schach Meisterschaft - Vorrunde 1"]
[Site "Online - Playchess.com"]
[Date ""]
[Round "8"]
[Board "5"]
[White "Wohlfahrt, Herbert"]
[Black "Sulzbacher, Michael"]
[Result "1-0"]
[WhiteElo "2285"]
[BlackElo "2018"]
[PlyCount "111"]
[EventDate "2020.04.11"]
[EventRounds "9"]
[EventCountry "AUT"]

1. Nf3 g6 2. c4 d6 3. d4 Bg7 4. Nc3 Nc6 5. h3 e5 6. d5 Nce7 7. e4 f5 8. Bd3 Nf6
9. Bd2 O-O 10. Qe2 a6 11. O-O-O Bd7 12. Ng5 b5 13. cxb5 axb5 14. Bxb5 Bxb5 15.
Qxb5 Qd7 16. Qxd7 Nxd7 17. Ne6 Rfc8 18. Bg5 Bf8 19. f3 Nc5 20. Nxc5 dxc5 21.
Bxe7 Bxe7 22. Kc2 Bd6 23. a3 Rcb8 24. Nb1 Kf7 25. Nd2 Rb7 26. Nc4 Rab8 27. Rd3
Ke7 28. Ra1 Ra7 29. Rb3 Rba8 30. g4 fxg4 31. hxg4 Rf8 32. Rh1 Rf7 33. Rh3 Kd7
34. Re3 Ra8 35. Re1 Raf8 36. Nd2 c6 37. dxc6+ Kxc6 38. Reh1 Rh8 39. Rh6 Rg7 40.
Nc4 Bc7 41. Ne3 Bd8 42. Nd5 Bg5 43. R6h3 Rb7 44. b4 h6 45. Kb3 Rd8 46. R3h2
cxb4 47. axb4 Rxd5 48. exd5+ Kxd5 49. Rd1+ Ke6 50. Rc2 Rb6 51. Rc5 Be3 52. Rc4
Bd4 53. Rh1 Be3 54. Re4 Bf4 55. Rhe1 Rb5 56. Rxf4 {Thor gibt auf}  1-0

[Event "1. OEsterreichische Internet Schach Meisterschaft - Vorrunde 1"]
[Site "Online - Playchess.com"]
[Date ""]
[Round "8"]
[Board "6"]
[White "Peyrer, Konstantin"]
[Black "Charaus, Florian"]
[Result "1-0"]
[WhiteElo "2265"]
[BlackElo "2055"]
[PlyCount "31"]
[EventDate "2020.04.11"]
[EventRounds "9"]
[EventCountry "AUT"]

1. e4 c6 2. Nf3 d5 3. Nc3 Bg4 4. h3 Bxf3 5. Qxf3 e6 6. d4 Nf6 7. Bd3 Be7 8. O-O
O-O 9. e5 Nfd7 10. Ne2 c5 11. c3 Nc6 12. Qg3 Re8 13. Bh6 Bf8 14. Rad1 Rb8 15.
Nf4 cxd4 16. Bxg7 {Scharuso gibt auf}  1-0

[Event "1. OEsterreichische Internet Schach Meisterschaft - Vorrunde 1"]
[Site "Online - Playchess.com"]
[Date ""]
[Round "8"]
[Board "7"]
[White "Schernthaner, David"]
[Black "Bauer, Sebastian"]
[Result "1/2-1/2"]
[WhiteElo "2220"]
[BlackElo "2237"]
[PlyCount "41"]
[EventDate "2020.04.11"]
[EventRounds "9"]
[EventCountry "AUT"]

1. e4 e5 2. Nf3 Nc6 3. Bb5 a6 4. Ba4 Nf6 5. O-O Be7 6. Re1 b5 7. Bb3 d6 8. d3
O-O 9. a4 b4 10. Nbd2 a5 11. Nf1 Bg4 12. h3 Bxf3 13. Qxf3 Nd4 14. Qd1 Nxb3 15.
cxb3 Nd7 16. Be3 Bg5 17. d4 Bxe3 18. Nxe3 exd4 19. Qxd4 Qf6 20. Qxf6 Nxf6 21.
Nd5  1/2-1/2

[Event "1. OEsterreichische Internet Schach Meisterschaft - Vorrunde 1"]
[Site "Online - Playchess.com"]
[Date ""]
[Round "8"]
[Board "8"]
[White "Poecksteiner, Johann"]
[Black "Freitag, Manfred"]
[Result "0-1"]
[WhiteElo "2155"]
[BlackElo "2356"]
[PlyCount "84"]
[EventDate "2020.04.11"]
[EventRounds "9"]
[EventCountry "AUT"]

1. e4 e5 2. Nf3 Nc6 3. Bb5 a6 4. Ba4 Nf6 5. O-O b5 6. Bb3 Be7 7. Re1 O-O 8. d3
d6 9. h3 Na5 10. c3 Nxb3 11. axb3 Bb7 12. b4 Re8 13. Nbd2 Bf8 14. Nb3 Rb8 15.
Bg5 h6 16. Bh4 Be7 17. Na5 Ba8 18. Qc2 Qd7 19. Rad1 Rbc8 20. d4 exd4 21. cxd4
d5 22. e5 Ne4 23. Bxe7 Qxe7 24. Nd2 Qxb4 25. Nxe4 dxe4 26. Qc3 Qxc3 27. bxc3
Bd5 28. Re2 c5 29. dxc5 Rxc5 30. Red2 Rxe5 31. Kh2 g5 32. Kg3 Kg7 33. Rd4 f5
34. Kh2 f4 35. g3 Kf6 36. gxf4 gxf4 37. h4 Kf5 38. Kh3 e3 39. fxe3 Rxe3+ 40.
Kh2 Ke5 41. R1d2 Rexc3 42. h5 Ra3  0-1

[Event "1. OEsterreichische Internet Schach Meisterschaft - Vorrunde 1"]
[Site "Online - Playchess.com"]
[Date ""]
[Round "8"]
[Board "9"]
[White "Platzgummer, Fabian"]
[Black "Fuchs, Georg"]
[Result "0-1"]
[WhiteElo "2336"]
[BlackElo "2234"]
[PlyCount "88"]
[EventDate "2020.04.11"]
[EventRounds "9"]
[EventCountry "AUT"]

1. Nf3 d5 2. c3 c5 3. g3 Nf6 4. Bg2 Nc6 5. d4 e6 6. O-O cxd4 7. Nxd4 Be7 8. Bg5
O-O 9. Nd2 e5 10. Nxc6 bxc6 11. c4 Bf5 12. Bxf6 Bxf6 13. e4 dxe4 14. Nxe4 Be7
15. Qxd8 Rfxd8 16. Rfd1 Be6 17. b3 f5 18. Nc3 e4 19. Rxd8+ Rxd8 20. Rd1 Rxd1+
21. Nxd1 Bf6 22. Kf1 Kf7 23. Ke2 Ke7 24. Ne3 Kd6 25. Kd2 Kc5 26. Bf1 a5 27. Nc2
Bg5+ 28. Kc3 Bf6+ 29. Kd2 g5 30. a3 f4 31. b4+ axb4 32. axb4+ Kd6 33. Na3 Bd4
34. c5+ Ke5 35. Ke2 Bb2 36. Nc2 Bc4+ 37. Ke1 Bc3+ 38. Kd1 Bxf1 39. gxf4+ gxf4
40. b5 Bxb5 41. h4 Ba4 42. h5 Bxc2+ 43. Kxc2 Bd4 44. h6 Bxc5 {En#passant gibt
auf}  0-1

[Event "1. OEsterreichische Internet Schach Meisterschaft - Vorrunde 1"]
[Site "Online - Playchess.com"]
[Date ""]
[Round "8"]
[Board "10"]
[White "Meier, Alexander"]
[Black "Dietmayer-Kraeutler, Marco"]
[Result "0-1"]
[WhiteElo "2226"]
[BlackElo "2284"]
[PlyCount "58"]
[EventDate "2020.04.11"]
[EventRounds "9"]
[EventCountry "AUT"]

1. e4 d5 2. exd5 Qxd5 3. Nc3 Qa5 4. d4 Nf6 5. Bc4 Bg4 6. f3 Bh5 7. Be3 e6 8.
Nge2 Nbd7 9. O-O Nb6 10. Bd3 O-O-O 11. a3 Nbd5 12. Bf2 Nxc3 13. Nxc3 Bg6 14.
Ne4 Qh5 15. Ng3 Qh6 16. Rc1 Nd5 17. Be4 Ne3 18. Qe2 Nxf1 19. Bxb7+ Kxb7 20.
Qb5+ Kc8 21. Qa6+ Kd7 22. d5 Qxc1 23. Qc6+ Ke7 24. Bc5+ Kf6 25. Bd4+ Kg5 26.
Kf2 Qd2+ 27. Kxf1 Qxd4 28. dxe6 Qd1+ 29. Kf2 Rd2+ {Lawatsch gibt auf}  0-1

[Event "1. OEsterreichische Internet Schach Meisterschaft - Vorrunde 1"]
[Site "Online - Playchess.com"]
[Date ""]
[Round "8"]
[Board "11"]
[White "Breneis, Lukas"]
[Black "Iro, Christian"]
[Result "1-0"]
[WhiteElo "2257"]
[BlackElo "2081"]
[PlyCount "73"]
[EventDate "2020.04.11"]
[EventRounds "9"]
[EventCountry "AUT"]

1. e4 c6 2. Nc3 d5 3. Nf3 Bg4 4. h3 Bxf3 5. Qxf3 e6 6. d3 Nf6 7. Bf4 d4 8. Ne2
Bb4+ 9. c3 Bc5 10. g4 h6 11. Bg2 Nfd7 12. cxd4 Bb4+ 13. Nc3 Qa5 14. Bd2 Na6 15.
a3 Bd6 16. O-O Qb6 17. Rab1 Qxd4 18. Ne2 Qf6 19. Qxf6 Nxf6 20. f4 Be7 21. d4
O-O-O 22. b4 Nc7 23. Be3 a6 24. Rfc1 Rd7 25. a4 Kb8 26. Nc3 Rhd8 27. b5 axb5
28. axb5 Nxb5 29. Nxb5 cxb5 30. Rxb5 Ne8 31. e5 Rc8 32. Rcb1 Rcc7 33. Bd2 Rxd4
34. Ba5 Rcd7 35. Rxb7+ Rxb7 36. Rxb7+ Kc8 37. Rxe7  1-0

[Event "1. OEsterreichische Internet Schach Meisterschaft - Vorrunde 1"]
[Site "Online - Playchess.com"]
[Date ""]
[Round "8"]
[Board "12"]
[White "Kruckenhauser, Arthur"]
[Black "Mostbauer, Maximilian"]
[Result "0-1"]
[WhiteElo "2233"]
[BlackElo "2217"]
[PlyCount "136"]
[EventDate "2020.04.11"]
[EventRounds "9"]
[EventCountry "AUT"]

1. e4 e6 2. d4 d5 3. Nd2 dxe4 4. Nxe4 Nd7 5. Nf3 Ngf6 6. Bd3 Be7 7. O-O O-O 8.
c3 b6 9. Qe2 Bb7 10. Rd1 Nxe4 11. Bxe4 Bxe4 12. Qxe4 Nf6 13. Qe2 Qd5 14. Bg5 h6
15. Bf4 c5 16. Be5 Rfd8 17. Qa6 Ne4 18. Qd3 cxd4 19. Qxd4 Bc5 20. Qxd5 Bxf2+
21. Kf1 exd5 22. Nd4 Bxd4 23. Rxd4 f6 24. Bf4 Kf7 25. Rad1 g5 26. Bc1 Ke6 27.
c4 Rac8 28. b3 f5 29. Rxd5 Rxd5 30. Rxd5 Rc5 31. Rd8 Ke5 32. Bb2+ Kf4 33. Rd3
Kg4 34. h3+ Kh4 35. Kg1 f4 36. Kh2 Rc7 37. Bd4 Re7 38. Bg1 g4 39. hxg4 Kxg4 40.
Rf3 Nd2 41. Rh3 Nf1+ 42. Kh1 Ng3+ 43. Kh2 h5 44. Bf2 h4 45. b4 Re2 46. Kg1 Rxa2
47. Bxg3 fxg3 48. Kf1 Rc2 49. c5 bxc5 50. bxc5 Rxc5 51. Ke2 Rc2+ 52. Ke3 Rxg2
53. Rh1 Rf2 54. Rd1 Rf3+ 55. Ke2 h3 56. Rd4+ Rf4 57. Rd7 g2 58. Rxa7 Kg3 59.
Rg7+ Rg4 60. Rf7 g1=Q 61. Rf3+ Kh4 62. Rf2 Rg2 63. Rxg2 Qxg2+ 64. Ke3 h2 65.
Kd4 h1=Q 66. Kc5 Qd5+ 67. Kb6 Qc6+ 68. Ka7 Qb7#  0-1

[Event "1. OEsterreichische Internet Schach Meisterschaft - Vorrunde 1"]
[Site "Online - Playchess.com"]
[Date ""]
[Round "8"]
[Board "13"]
[White "Gelbenegger, Patrick"]
[Black "Hofmann, Thomas"]
[Result "0-1"]
[WhiteElo "2240"]
[BlackElo "2215"]
[PlyCount "152"]
[EventDate "2020.04.11"]
[EventRounds "9"]
[EventCountry "AUT"]

1. e4 c5 2. Nf3 Nf6 3. Nc3 d5 4. exd5 Nxd5 5. Bb5+ Bd7 6. Ne5 Nf6 7. Qf3 Qc8 8.
Nxd7 Nbxd7 9. d3 a6 10. Bxd7+ Qxd7 11. Bg5 Rc8 12. O-O Qc6 13. Qxc6+ Rxc6 14.
g3 e6 15. a4 b6 16. b3 Be7 17. Rfe1 h6 18. Bf4 O-O 19. Kg2 Rd8 20. Ne4 Nxe4 21.
Rxe4 f6 22. Rae1 Kf7 23. Bd2 Rd4 24. Bc3 Rxe4 25. Rxe4 e5 26. f4 exf4 27. Rxf4
Re6 28. Kf3 Bd6 29. Re4 g6 30. Rxe6 Kxe6 31. Ke4 f5+ 32. Kf3 Be5 33. Bd2 g5 34.
c3 Kd5 35. Ke3 Bf6 36. Be1 b5 37. axb5 axb5 38. Bd2 Be5 39. Be1 h5 40. Kf3 Bd6
41. Ke3 Be7 42. Kf3 b4 43. cxb4 cxb4 44. Ke3 Bc5+ 45. Ke2 Bd6 46. Ke3 f4+ 47.
gxf4 Bxf4+ 48. Kf3 Bxh2 49. Bxb4 Kd4 50. Be7 g4+ 51. Kg2 Bc7 52. b4 Kxd3 53.
Bc5 Kc4 54. Be7 Kb5 55. Bf8 Kc6 56. Be7 Bd6 57. Bg5 Kb5 58. Bd2 Bxb4 59. Be3
Bd6 60. Bf2 Kc4 61. Bh4 Kd3 62. Bf6 Ke4 63. Bh4 Kf5 64. Bd8 Bf4 65. Be7 Bg5 66.
Bd6 h4 67. Bc7 Bf4 68. Bd8 h3+ 69. Kg1 g3 70. Bb6 Kg4 71. Bd8 Kf3 72. Bh4 Be3+
73. Kh1 g2+ 74. Kh2 g1=Q+ 75. Kxh3 Qg4+ 76. Kh2 Qg2#  0-1

[Event "1. OEsterreichische Internet Schach Meisterschaft - Vorrunde 1"]
[Site "Online - Playchess.com"]
[Date ""]
[Round "8"]
[Board "14"]
[White "Trippold, Denise"]
[Black "Schreiner, Peter"]
[Result "0-1"]
[WhiteElo "2150"]
[BlackElo "2440"]
[PlyCount "62"]
[EventDate "2020.04.11"]
[EventRounds "9"]
[EventCountry "AUT"]

1. d4 Nf6 2. c4 b6 3. Nc3 Bb7 4. Qc2 d5 5. cxd5 Nxd5 6. Nf3 g6 7. e4 Nxc3 8.
bxc3 Bg7 9. Bc4 O-O 10. O-O c5 11. d5 Nd7 12. Bg5 Re8 13. Bb5 a6 14. Bd3 b5 15.
a4 c4 16. Be2 Nc5 17. axb5 axb5 18. Be3 Nb3 19. Rxa8 Qxa8 20. Rd1 Qa5 21. Nd4
Nxd4 22. Bxd4 Bxd4 23. Rxd4 Ra8 24. e5 Qa2 25. Qd2 Qxd2 26. Rxd2 Ra1+ 27. Bd1
b4 28. cxb4 c3 29. Rd4 c2 30. g3 cxd1=R+ 31. Rxd1 Rxd1+ {Detri gibt auf}  0-1

[Event "1. OEsterreichische Internet Schach Meisterschaft - Vorrunde 1"]
[Site "Online - Playchess.com"]
[Date ""]
[Round "8"]
[Board "15"]
[White "Schnider, Gert"]
[Black "Belke, Frank"]
[Result "1-0"]
[WhiteElo "2423"]
[BlackElo "2273"]
[PlyCount "61"]
[EventDate "2020.04.11"]
[EventRounds "9"]
[EventCountry "AUT"]

1. e4 e6 2. d4 d5 3. Nc3 Bb4 4. a3 Bxc3+ 5. bxc3 dxe4 6. Qg4 Nf6 7. Qxg7 Rg8 8.
Qh6 Rg6 9. Qe3 b6 10. Ne2 Bb7 11. Ng3 Nbd7 12. Be2 Qe7 13. a4 O-O-O 14. a5 Nd5
15. Qd2 f5 16. c4 N5f6 17. axb6 axb6 18. c5 Nxc5 19. Qc3 Nd5 20. Qc4 Nd7 21.
Ba3 Qf6 22. c3 Nf4 23. Bd6 Nxg2+ 24. Kf1 Nc5 25. Be5 Qh4 26. Kxg2 f4 27. dxc5
e3+ 28. c6 f3+ 29. Kxf3 Rf8+ 30. Kxe3 Qh6+ 31. f4 {Zeit}  1-0

[Event "1. OEsterreichische Internet Schach Meisterschaft - Vorrunde 1"]
[Site "Online - Playchess.com"]
[Date ""]
[Round "8"]
[Board "16"]
[White "Mostbauer, Florian"]
[Black "Goelles, Herbert"]
[Result "0-1"]
[WhiteElo "2309"]
[BlackElo "1705"]
[PlyCount "142"]
[EventDate "2020.04.11"]
[EventRounds "9"]
[EventCountry "AUT"]

1. c4 f5 2. Nc3 Nf6 3. g3 e6 4. Bg2 Be7 5. Nf3 O-O 6. O-O d6 7. d3 a5 8. e4 e5
9. Nd5 Nxd5 10. cxd5 c5 11. dxc6 Nxc6 12. exf5 Bxf5 13. d4 e4 14. Ne1 d5 15.
Nc2 Bd6 16. Ne3 Be6 17. Bd2 Qd7 18. Bc3 Nb4 19. Bxb4 Bxb4 20. Rc1 Rac8 21. Qh5
Rxc1 22. Rxc1 Bd2 23. Rc2 Bxe3 24. fxe3 Bg4 25. Qe5 Re8 26. Qc7 Qb5 27. Rf2 Rf8
28. Rxf8+ Kxf8 29. h3 Be6 30. Qf4+ Ke7 31. Qf2 Qd3 32. Bf1 Qb1 33. Qf4 Qxb2 34.
Qc7+ Kf6 35. Qxa5 Qc1 36. Qd8+ Kf7 37. Qg5 h6 38. Qf4+ Ke7 39. g4 Qc3 40. h4
Qc2 41. a3 b5 42. Bg2 Qc1+ 43. Kh2 Qxa3 44. Qc7+ Kf6 45. Qe5+ Kf7 46. Qf4+ Ke7
47. g5 Qd6 48. Kg3 b4 49. gxh6 gxh6 50. Bxe4 dxe4 51. d5 Qxf4+ 52. Kxf4 Bxd5
53. Ke5 Bb7 54. Kd4 b3 55. Kc3 Kf6 56. Kb2 Kf5 57. Kc3 Kg4 58. Kb2 Kxh4 59. Kc3
Kg3 60. Kb2 Kf3 61. Kc3 Kxe3 62. Kb2 h5 63. Kc3 h4 64. Kb2 h3 65. Kc3 h2 66.
Kb2 h1=Q 67. Kc3 Qe1+ 68. Kb2 Qe2+ 69. Ka3 b2 70. Ka2 Bd5+ 71. Ka3 b1=Q {
Ajkom197 gibt auf}  0-1

[Event "1. OEsterreichische Internet Schach Meisterschaft - Vorrunde 1"]
[Site "Online - Playchess.com"]
[Date ""]
[Round "8"]
[Board "17"]
[White "Froewis, Annika"]
[Black "Enoeckl, Philipp"]
[Result "0-1"]
[WhiteElo "2136"]
[BlackElo "2276"]
[PlyCount "80"]
[EventDate "2020.04.11"]
[EventRounds "9"]
[EventCountry "AUT"]

1. e4 e6 2. d4 d5 3. Nc3 Bb4 4. e5 Ne7 5. a3 Bxc3+ 6. bxc3 b6 7. h4 Ba6 8. Bxa6
Nxa6 9. Qd3 Nb8 10. h5 h6 11. a4 Nbc6 12. Ba3 Na5 13. Nh3 Nc4 14. Bc1 Qd7 15.
g4 O-O-O 16. Nf4 Kb7 17. Qf3 Rc8 18. Nd3 Rhf8 19. a5 f6 20. exf6 Rxf6 21. Qe2
Nc6 22. axb6 cxb6 23. O-O g5 24. Rb1 Ka8 25. Ra1 Re8 26. Be3 Kb8 27. Rfb1 Nxe3
28. Qxe3 e5 29. Qg3 Rf4 30. Nxf4 gxf4 31. Qh3 e4 32. f3 Kb7 33. Rf1 Rg8 34. Kf2
Na5 35. Rg1 e3+ 36. Ke2 Qb5+ 37. Ke1 Qb2 38. Rd1 Qxc3+ 39. Kf1 Qxc2 40. Qg2
Qxd1#  0-1

[Event "1. OEsterreichische Internet Schach Meisterschaft - Vorrunde 1"]
[Site "Online - Playchess.com"]
[Date ""]
[Round "8"]
[Board "18"]
[White "Hiermann, Dietmar"]
[Black "Moritz, Christian"]
[Result "1-0"]
[WhiteElo "2250"]
[BlackElo "2077"]
[PlyCount "137"]
[EventDate "2020.04.11"]
[EventRounds "9"]
[EventCountry "AUT"]

1. e4 e6 2. d4 d5 3. Nd2 Nf6 4. e5 Nfd7 5. Bd3 c5 6. c3 Nc6 7. Ne2 cxd4 8. cxd4
f6 9. exf6 Nxf6 10. Nf3 Bd6 11. O-O Qc7 12. Ng3 O-O 13. Qe2 e5 14. dxe5 Nxe5
15. Nxe5 Bxe5 16. Bg5 Bg4 17. Qd2 Rae8 18. Rac1 Qf7 19. Bb1 Ne4 20. Nxe4 dxe4
21. Rce1 h6 22. Bh4 Bf4 23. Qb4 e3 24. f3 e2 25. Rf2 Bc8 26. Rfxe2 Qh5 27. Bg3
Bxg3 28. hxg3 a5 29. Qe4 Rxe4 30. Rxe4 Bd7 31. Re7 Bc6 32. R1e6 Qc5+ 33. Kh2
Qf2 34. Re2 Qc5 35. Bg6 Qg5 36. R2e6 Bd5 37. f4 Bxe6 38. fxg5 Bd5 39. gxh6 gxh6
40. Bh7+ Kh8 41. Bd3 Rf6 42. g4 Bc6 43. Kg3 Kg8 44. Bf5 Kf8 45. Re2 Kf7 46. Kf4
Rd6 47. g5 Rd4+ 48. Ke5 Rd5+ 49. Kf4 hxg5+ 50. Kxg5 Bd7 51. g4 b5 52. Rf2 Ke7
53. Kf4 Bc6 54. g5 Kd6 55. Ke3 Be8 56. g6 Re5+ 57. Kd2 Rd5+ 58. Ke3 Re5+ 59.
Kf4 Re7 60. Rg2 Rg7 61. Kg5 Ke7 62. Re2+ Kf8 63. Kf6 Rc7 64. Rh2 Rc6+ 65. Kg5
Rc5 66. Rh7 Bc6 67. Kf6 Bd5 68. Rh8+ Bg8 69. Be6 {Hardigatti gibt auf}  1-0

[Event "1. OEsterreichische Internet Schach Meisterschaft - Vorrunde 1"]
[Site "Online - Playchess.com"]
[Date ""]
[Round "8"]
[Board "19"]
[White "Frank, Paul"]
[Black "Kern, Michael"]
[Result "1-0"]
[WhiteElo "2210"]
[BlackElo "1957"]
[PlyCount "37"]
[EventDate "2020.04.11"]
[EventRounds "9"]
[EventCountry "AUT"]

1. Nf3 f5 2. g3 d6 3. d4 Nf6 4. Bg2 e6 5. O-O Be7 6. c4 O-O 7. b3 a5 8. Bb2 a4
9. Nbd2 a3 10. Bc3 Ne4 11. Nxe4 fxe4 12. Ne1 d5 13. Nc2 Bg5 14. f3 exf3 15.
exf3 c6 16. Qe2 Qe8 17. Rae1 Qh5 18. f4 Be7 19. Qxh5 {Franky93 gibt auf}  1-0

[Event "1. OEsterreichische Internet Schach Meisterschaft - Vorrunde 1"]
[Site "Online - Playchess.com"]
[Date ""]
[Round "8"]
[Board "20"]
[White "Ragger, Anna-Christina"]
[Black "Juenger, Heinz"]
[Result "0-1"]
[WhiteElo "2204"]
[BlackElo "2165"]
[PlyCount "100"]
[EventDate "2020.04.11"]
[EventRounds "9"]
[EventCountry "AUT"]

1. d4 Nf6 2. c3 g6 3. Bg5 Bg7 4. Nf3 O-O 5. Nbd2 d5 6. e3 c6 7. Bd3 Bf5 8. Bxf5
gxf5 9. O-O Nbd7 10. Bxf6 Nxf6 11. Ne5 e6 12. f3 Qb6 13. Qb3 Qa6 14. Rae1 Bh6
15. Kh1 Rac8 16. e4 Bxd2 17. Rd1 fxe4 18. fxe4 Nxe4 19. Rf3 Qe2 20. Rdf1 f5 21.
Qc2 Qa6 22. Nd3 Kh8 23. Nc5 Nxc5 24. dxc5 Bh6 25. a3 Rg8 26. g3 Rg6 27. Re1 Ra8
28. Qd1 Qc4 29. Re2 Qg4 30. Kg2 Rag8 31. Qe1 f4 32. Re5 fxg3 33. Rxg3 Qf4 34.
Rxe6 Rxg3+ 35. hxg3 Qd2+ 36. Qxd2 Bxd2 37. Re7 Rb8 38. Kf3 Bc1 39. Re2 Kg7 40.
Kg4 Kf7 41. Kf5 Re8 42. Rh2 h6 43. a4 a5 44. b4 axb4 45. cxb4 Re4 46. Rc2 Bg5
47. Rb2 Rc4 48. Ke5 Bf6+ 49. Kd6 Bxb2 50. Kc7 Rxb4 {Tiiinchen gibt auf}  0-1

[Event "1. OEsterreichische Internet Schach Meisterschaft - Vorrunde 1"]
[Site "Online - Playchess.com"]
[Date ""]
[Round "8"]
[Board "21"]
[White "Lichtl, Erich"]
[Black "Pirker, Christian"]
[Result "1-0"]
[WhiteElo "2096"]
[BlackElo "2167"]
[PlyCount "49"]
[EventDate "2020.04.11"]
[EventRounds "9"]
[EventCountry "AUT"]

1. d4 g6 2. Nc3 Bg7 3. Bf4 d6 4. Qd2 e6 5. O-O-O h6 6. h4 a6 7. e4 b5 8. e5 d5
9. Kb1 Nd7 10. Nh3 Ne7 11. Be3 Nf5 12. g4 Nxh4 13. f4 f5 14. g5 b4 15. Na4 c5
16. dxc5 Qa5 17. b3 Nf3 18. Qf2 hxg5 19. Qxf3 g4 20. Qg3 gxh3 21. Qxg6+ Kf8 22.
Qxe6 Qc7 23. c6 Nxe5 24. Bc5+ Qd6 25. Bxd6#  1-0